Gray's Anatomy for Students (Record no. 295)

MARC details
000 -LEADER
fixed length control field 00975cam a22003254a 4500
001 - CONTROL NUMBER
control field 15499349
003 - CONTROL NUMBER IDENTIFIER
control field OSt
005 - DATE AND TIME OF LATEST TRANSACTION
control field 20251104020005.0
008 - FIXED-LENGTH DATA ELEMENTS--GENERAL INFORMATION
fixed length control field 081024s2010 paua 001 0 eng
010 ## - LIBRARY OF CONGRESS CONTROL NUMBER
LC control number 2008046822
016 7# - NATIONAL BIBLIOGRAPHIC AGENCY CONTROL NUMBER
Record control number 101487486
Source DNLM
020 ## - INTERNATIONAL STANDARD BOOK NUMBER
International Standard Book Number 9780443069529
020 ## - INTERNATIONAL STANDARD BOOK NUMBER
International Standard Book Number 0443069522
035 ## - SYSTEM CONTROL NUMBER
System control number (OCoLC)ocn265657274
040 ## - CATALOGING SOURCE
Original cataloging agency DNLM/DLC
Transcribing agency DLC
Modifying agency BTCTA
-- BAKER
-- NLM
-- C#P
-- YDXCP
-- BWX
-- CDX
-- DLC
042 ## - AUTHENTICATION CODE
Authentication code pcc
050 00 - LIBRARY OF CONGRESS CALL NUMBER
Classification number QM23.2
Item number .D73 2010
060 10 - NATIONAL LIBRARY OF MEDICINE CALL NUMBER
Classification number QS 4
Item number D762g 2010
082 00 - DEWEY DECIMAL CLASSIFICATION NUMBER
Classification number QS 4 D78g 2010
Edition number 22
100 1# - MAIN ENTRY--PERSONAL NAME
Personal name Drake, Richard L.; Vogl, Wayne A.; Mitchell, Adam W.M
Dates associated with a name 1950-
9 (RLIN) 786
245 10 - TITLE STATEMENT
Title Gray's Anatomy for Students
250 ## - EDITION STATEMENT
Edition statement 2nd ed.
260 ## - PUBLICATION, DISTRIBUTION, ETC. (IMPRINT)
Place of publication, distribution, etc. Philadelphia, PA ;
Name of publisher, distributor, etc. Churchill Livingstone,
Date of publication, distribution, etc. c2010.
300 ## - PHYSICAL DESCRIPTION
Extent xxv, 1103 p. :
Other physical details ill. (chiefly col.) ;
Dimensions 28 cm.
500 ## - GENERAL NOTE
General note In
504 ## - BIBLIOGRAPHY, ETC. NOTE
Bibliography, etc Includes index.
650 #0 - SUBJECT ADDED ENTRY--TOPICAL TERM
Topical term or geographic name as entry element Human anatomy.
9 (RLIN) 134
906 ## - LOCAL DATA ELEMENT F, LDF (RLIN)
a 7
b cbc
c orignew
d 1
e ecip
f 20
g y-gencatlg
942 ## - ADDED ENTRY ELEMENTS (KOHA)
Source of classification or shelving scheme Other/Generic Classification Scheme
Koha item type Book Bank
Koha issues (borrowed), all copies 1
Holdings
Withdrawn status Lost status Source of classification or shelving scheme Damaged status Not for loan Home library Current library Date acquired Source of acquisition Inventory number Total Checkouts Full call number Barcode Date last seen Date last checked out Price effective from Koha item type Copy number
    Other/Generic Classification Scheme     MUST Main Library MUST Main Library 29/07/2014 Purchase 2012/36286 9 QS 4 D78g 2010 2014-1573 11/11/2025 03/11/2025 29/07/2014 Book Bank  
    Other/Generic Classification Scheme     MUST Main Library MUST Main Library 29/07/2014 Purchase 2012/36284 3 QS 4 D78g 2010 2014-1574 28/09/2022 23/07/2022 29/07/2014 Book Bank  
    Other/Generic Classification Scheme     MUST Main Library MUST Main Library 29/07/2014 Purchase 2012/36282 4 QS 4 D78g 2010 2014-1575 06/04/2023 31/01/2023 29/07/2014 Book Bank  
    Other/Generic Classification Scheme     MUST Main Library MUST Main Library 29/07/2014 Purchase 2012/36283 4 QS 4 D78g 2010 2014-1576 07/11/2022 30/09/2022 29/07/2014 Book Bank  
    Other/Generic Classification Scheme     MUST Main Library MUST Main Library 29/07/2014 Purchase 2012/36285 2 QS 4 D78g 2010 2014-1577 10/12/2019 28/08/2019 29/07/2014 Book Bank  
    Dewey Decimal Classification Damaged   Main Kihumuro Campus Main Kihumuro Campus 14/11/2023 Donation     QS 4 D78g 2010 2023-0708 14/11/2023   14/11/2023 Book Bank 2023-0708